000 00335nam a2200133Ia 4500
008 240624s9999 xx 000 0 und d
041 _aeng
082 _a300.72 WIL
100 _aBHANDARKAR P L
245 _aMETHODOLOGY AND TECHNIQUES OF SOCIAL RES
260 _c2004
_aMumbai
_bHimalaya
300 _a443 : p. : cm. ; 22
365 _cRS
999 _c1909
_d1909